00281nam a22001217a 4500003000400000008004100004020001800045082001400063100002000077245002700097260002700124300000800151OSt250204b |||||||| |||| 00| 0 eng d a9789355434029 a158.1 GAT aGavrani, Renuka aThe Art of Being Alone aNoidabAmaryllisc2024 a167